000 00891cab a2200253 4500
001 ABS58434
008 090401t1998 xxu||||| |||| 00| 0 eng d
035 _a(Sirsi) u85345
041 _aeng
100 _aMoore, L.
245 _aPassing the buck on the environment
260 _c1998
350 _a0
490 _aProperty Week
_v62(11) 27 March 1998, 31(1)
520 _aExplains how planning authorities have the power to grant permission for potentially hazardous activities if the hazards can be regulated by other environmental regulators. Refers to "Gateshead MBC v SoS Environment".
650 _aBEST PRACTICAL ENVIRONMENTAL OPTION
650 _aGATESHEAD MBC V SOS ENVIRONMENT
650 _aLOCAL AUTHORITIES
650 _aPLANNING AUTHORITIES
650 _aWASTE INCINERATOR
690 _aENVIRONMENTAL AND LAND CONSULTANCY
942 _n0
948 _c31/03/1998
999 _c53664
_d53664